00723nam a2200205 a 450000500170000000800410001704000250005804100080008308200110009111001400010224500970024226000250033930000100036465000270037465000250040165000130042665000200043965000280045965000300048720200521121449.0140310b1998 ne ||||| |||| 00| 0 spa d aCO-BoIAVHcCO-BoIAVH aeng a665.35 aCentre for the Promotion of Imports from Developing Countries (CBI)bCentre for the Promotion of Imports from Developing Countries, CBI aOil seedsba compact survey of The Netherlands and other major markets in the European Union aRotterdambCBIc1998 a99 p. aComercio internacional aSemillas oleaginosas aMercadeo aUnión Europea aLegislación ambiental aCertificación ambiental